Most Mentioned A Song of Ice and Fire Characters Who Quiz Stats

Quiz not verified by Sporcle

Also try: Books By Sporcle
Challenge
Share
Tweet
Embed
Score 0/36 Timer 10:00
0 Plays Today
Category Characters % Correct
Are DeadEddard Stark
99.6%
Were at the Tower of JoyEddard Stark
99.6%
True BaratheonsRobert Baratheon
99.1%
WomenArya Stark
98.9%
MenJon Snow
98.7%
BastardsJon Snow
98.7%
MenTyrion Lannister
98.2%
WomenSansa Stark
98.2%
True BaratheonsRenly Baratheon
98.2%
True BaratheonsStannis Baratheon
98%
MartellsOberyn Martell
97.3%
MaestersPycelle
96.2%
MaestersLuwin
94.9%
Were Dead Before the Books BeganAerys II Targaryen
94%
MartellsQuentyn Martell
93.1%
MartellsArianne Martell
91.4%
Were Dead Before the Books BeganRhaegar Targaryen
91.2%
Tommen's HandsTywin Lannister
91%
Category Characters % Correct
WomenDaenerys Targaryen
90.9%
Were at the Tower of JoyLyanna Stark
90.9%
MenJaime Lannister
90.1%
MaestersAemon
89.4%
BastardsGendry
88.1%
Sand SnakesObara Sand
87.8%
BastardsRamsay Snow
84.8%
Are DeadRobb Stark
83.2%
Sand SnakesTyene Sand
81.2%
Were at the Tower of JoyArthur Dayne
80.6%
Tommen's HandsMace Tyrell
72.9%
Sand SnakesSarella Sand
72.4%
Were Dead Before the Books BeganJon Arryn
68.7%
Are DeadJoffrey Baratheon
63.3%
Were Not Born to Noble FamiliesVarys
62%
Were Not Born to Noble FamiliesBronn
52.5%
Were Not Born to Noble FamiliesDavos Seaworth
49.2%
Tommen's HandsHarys Swift
46.1%

You're not logged in!

Compare scores with friends on all Sporcle quizzes.
Join for Free
OR
Log In

You Might Also Like...

Show Comments

Extras

Top Quizzes Today


Score Distribution

Your Account Isn't Verified!

In order to create a playlist on Sporcle, you need to verify the email address you used during registration. Go to your Sporcle Settings to finish the process.

Report this User

Report this user for behavior that violates our Community Guidelines.

Details: